Najlepsze polskie kluby piłkarskie (największe miasta) - Statystyki

Ogólne statystyki
  • Ten quiz został rozwiązany 287 razy
  • Średni wynik to 28 z 50
Statystyki odpowiedzi
Ranking Województwo Liga Miasto Najlepszy klub piłkarski % Poprawnych
1 Mazowieckie Ekstraklasa Warszawa Legia Warszawa
100%
5 Wielkopolskie Ekstraklasa Poznań Lech Poznań
95%
3 Dolnośląskie Ekstraklasa Wrocław Śląsk Wrocław
92%
7 Zachodniopomorskie Ekstraklasa Szczecin Pogoń Szczecin
90%
2 Małopolskie Ekstraklasa Kraków Cracovia
89%
6 Pomorskie Ekstraklasa Gdańsk Lechia Gdańsk
89%
4 Łódzkie Ekstraklasa Łódź Widzew Łódź
89%
12 Pomorskie 1 Liga Gdynia Arka Gdynia
87%
10 Podlaskie Ekstraklasa Białystok Jagiellonia Białystok
86%
11 Śląskie Ekstraklasa Katowice GKS Katowice
84%
22 Śląskie Ekstraklasa Zabrze Górnik Zabrze
84%
13 Śląskie Ekstraklasa Częstochowa Raków Częstochowa
84%
8 Lubelskie Ekstraklasa Lublin Motor Lublin
83%
14 Mazowieckie Ekstraklasa Radom Radomiak Radom
82%
18 Świętokrzyskie Ekstraklasa Kielce Korona Kielce
80%
19 Śląskie Ekstraklasa Gliwice Piast Gliwice
79%
17 Śląskie 2 Liga Sosnowiec Zagłębie Sosnowiec
77%
9 Kujawsko - Pomorskie 3 Liga Bydgoszcz Zawisza Bydgoszcz
76%
15 Podkarpackie 1 Liga Rzeszów Stal Rzeszów
73%
36 Śląskie 1 Liga Chorzów Ruch Chorzów
71%
23 Śląskie 2 Liga Bytom Polonia Bytom
70%
32 Mazowieckie 1 Liga Płock Wisła Płock
70%
16 Kujawsko - Pomorskie 3 Liga Toruń Elana Toruń
68%
28 Śląskie 1 Liga Tychy GKS Tychy
68%
20 Warmińsko - Mazurskie 3 Liga Olsztyn Stomil Olsztyn
67%
27 Opolskie 1 Liga Opole Odra Opole
66%
47 Mazowieckie 1 Liga Siedlce Pogoń Siedlce
60%
40 Dolnośląskie 1 Liga Legnica Miedź Legnica
59%
21 Śląskie 2 Liga Bielsko - Biała Podbeskidzie
59%
39 Wielkopolskie 2 Liga Kalisz KKS Kalisz
54%
41 Kujawsko - Pomorskie 2 Liga Grudziądz Olimpia Grudziądz
50%
25 Śląskie 4 Liga Rybnik ROW
49%
45 Małopolskie 3 Liga Nowy Sącz Sandecja Nowy Sącz
48%
31 Warmińsko - Mazurskie 2 Liga Elbląg Olimpia Elbląg
47%
24 Lubuskie 3 Liga Zielona Góra Lechia Zielona Góra
45%
44 Śląskie 1 Liga Jastrzębie - Zdrój GKS Jastrzębie
38%
34 Małopolskie 3 Liga Tarnów Unia Tarnów
38%
37 Dolnośląskie 4 Liga Wałbrzych Górnik Wałbrzych
34%
43 Pomorskie 4 Liga Słupsk Gryf Słupsk
25%
50 Wielkopolskie 4 Liga Ostrów Wielkopolski Ostrovia Ostrów Wielkopolski
17%
46 Dolnośląskie 3 Liga Jelenia Góra Karkonosze Jelenia Góra
16%
42 Śląskie 5 Liga Jaworzno Szczakowianka Jaworzno
13%
38 Mazowieckie 4 Liga Piaseczno MKS Piaseczno
12%
29 Lubuskie 3 Liga Gorzów Wielkopolski Warta Gorzów Wielkopolski
12%
35 Kujawsko - Pomorskie Klasa A, gr. Włocł. Włocławek Włocłavia Włocławek
12%
33 Zachodniopomorskie 4 Liga Koszalin Bałtyk Koszalin
9%
48 Śląskie --- Mysłowice Górnik Mysłowice
5%
49 Wielkopolskie 5 Liga Piła KP Piła
5%
30 Śląskie 4 Liga Dąbrowa Górnicza Unia Dąbrowa Górnicza
5%
26 Śląskie 4 Liga Ruda Śląska Urania Ruda Śląska
5%
Nie znaleziono quizów pasujących do podanych kryteriów
Rozkład punktacji
Procent ludzi z każdym wynikiem
Percentyl według liczby udzielonych odpowiedzi
Twoja historia wyników
Nie rozwiązałeś tego quizu